Long Island MacArthur Airport Destinations (Islip, NY, USA) - Statistics

General Stats
  • This quiz has been taken 93 times
    39 since last reset
  • The average score is 10 of 18
Answer Stats
Airline Destination % Correct
Southwest Airlines Miami
89%
Frontier Airlines/JetBlue/Southwest Airlines Orlando
86%
Cape Air Boston
82%
Frontier Airlines/Southwest Airlines Tampa
82%
Frontier Airlines/JetBlue/Southwest Airlines Fort Lauderdale
79%
Southwest Airlines Baltimore
75%
Avelo Airlines Charlotte/Concord
68%
Breeze Airways/Frontier Airlines Fort Myers
68%
Frontier Airlines/JetBlue/Southwest Airlines West Palm Beach
68%
Breeze Airways Charleston (SC)
54%
Breeze Airways Sarasota
54%
Frontier Airlines Myrtle Beach
50%
Breeze Airways/Frontier Airlines Raleigh/Durham
39%
Avelo Airlines/Breeze Airways Wilmington (NC)
39%
Breeze Airways Richmond
32%
Breeze Airways Norfolk
25%
Avelo Airlines Lakeland
18%
Breeze Airways Vero Beach
14%
No matching quizzes found
Score Distribution
Percent of People with Each Score
Percentile by Number Answered
Your Score History
You have not taken this quiz since the last reset